[Event "Fortaleza Alves Memorial 19th"]
[Site "Fortaleza"]
[Date "2014.05.16"]
[Round "2"]
[White "Luz, Edmundo Reis"]
[Black "Delgado Ramirez, Neuris"]
[Result "0-1"]
[WhiteElo "2115"]
[BlackElo "2589"]
[PlyCount "65"]
[EventDate "2014.05.16"]
[EventType "swiss"]
[EventRounds "6"]
[EventCountry "BRA"]
[SourceTitle "CBM 160 Extra"]
[Source "ChessBase"]
[SourceDate "2014.07.01"]
[SourceVersion "1"]
[SourceVersionDate "2014.07.01"]
[SourceQuality "1"]

1. e4 c5 2. Nc3 Nc6 3. g3 g6 4. Bg2 Bg7 5. d3 d6 6. Nge2 e6 7. O-O Nge7 8. f4
O-O 9. g4 f5 10. gxf5 exf5 11. Nd5 Kh8 12. Nec3 Rb8 13. a4 Be6 14. Kh1 Qd7 15.
Be3 Bg8 16. Qd2 Rbe8 17. Rae1 Nxd5 18. exd5 Nb4 19. d4 Rxe3 20. Rxe3 cxd4 21.
Re2 dxc3 22. bxc3 Na2 23. c4 Nc3 24. Re3 Nxa4 25. Rfe1 Bf6 26. Qb4 Nc5 27. Qa3
a6 28. Qa5 b5 29. Qb6 Ne4 30. Rd3 Re8 31. Rb1 Rc8 32. Re1 Nc5 33. Rde3 0-1

[Event "Fortaleza Alves Memorial 19th"]
[Site "Fortaleza"]
[Date "2014.05.17"]
[Round "3"]
[White "Delgado Ramirez, Neuris"]
[Black "Palacio, Igor Da Paz"]
[Result "1-0"]
[WhiteElo "2589"]
[BlackElo "2143"]
[PlyCount "75"]
[EventDate "2014.05.16"]
[EventType "swiss"]
[EventRounds "6"]
[EventCountry "BRA"]
[SourceTitle "CBM 160 Extra"]
[Source "ChessBase"]
[SourceDate "2014.07.01"]
[SourceVersion "1"]
[SourceVersionDate "2014.07.01"]
[SourceQuality "1"]

1. e4 c5 2. Nf3 d6 3. Bc4 Nf6 4. d3 Nc6 5. c3 Na5 6. Bb5+ Bd7 7. Bxd7+ Qxd7 8.
Bg5 e6 9. Bxf6 gxf6 10. O-O h5 11. d4 Nc6 12. Re1 Bh6 13. Nbd2 Bxd2 14. Qxd2
O-O-O 15. b4 cxd4 16. cxd4 Rdg8 17. b5 Ne7 18. b6 axb6 19. a4 e5 20. Re3 Nc6
21. a5 bxa5 22. d5 Nb4 23. Rxa5 Na6 24. Rc3+ Nc5 25. Rcxc5+ dxc5 26. Ra8+ Kc7
27. Qa5+ Kd6 28. Qb6+ Ke7 29. Ra7 Rb8 30. Nh4 Rhg8 31. Nf5+ Kf8 32. Qxc5+ Ke8
33. h4 Rg6 34. g3 Kd8 35. Qf8+ Kc7 36. d6+ Kb6 37. Qxb8 Qc6 38. Ra1 1-0

[Event "Fortaleza Alves Memorial 19th"]
[Site "Fortaleza"]
[Date "2014.05.17"]
[Round "4"]
[White "Pinheiro, Iung Alicio"]
[Black "Delgado Ramirez, Neuris"]
[Result "0-1"]
[WhiteElo "2321"]
[BlackElo "2589"]
[PlyCount "80"]
[EventDate "2014.05.16"]
[EventType "swiss"]
[EventRounds "6"]
[EventCountry "BRA"]
[SourceTitle "CBM 160 Extra"]
[Source "ChessBase"]
[SourceDate "2014.07.01"]
[SourceVersion "1"]
[SourceVersionDate "2014.07.01"]
[SourceQuality "1"]

1. c4 Nf6 2. g3 e6 3. Bg2 a6 4. b3 d5 5. Bb2 b5 6. Nf3 Bb7 7. O-O c5 8. e3 Nbd7
9. Nc3 Qb6 10. cxd5 Nxd5 11. Nxd5 Bxd5 12. d4 cxd4 13. Bxd4 Qb7 14. Ne1 Bxg2
15. Nxg2 e5 16. Bb2 Be7 17. Qe2 O-O 18. e4 f6 19. Kh1 Nc5 20. f3 Ne6 21. Ne3
Bc5 22. Nd5 Rad8 23. Rac1 Rf7 24. Rc2 Bd4 25. Ba3 a5 26. Bc1 f5 27. Bd2 Ba7 28.
Rcc1 Nd4 29. Qg2 b4 30. Be3 h6 31. g4 fxe4 32. fxe4 Ne6 33. Rxf7 Qxf7 34. Rf1
Qb7 35. Bc1 Rf8 36. Rxf8+ Nxf8 37. Qc2 Qf7 38. Kg2 Kh7 39. Ne3 Qf4 40. h3 Bxe3
0-1

[Event "Fortaleza Alves Memorial 19th"]
[Site "Fortaleza"]
[Date "2014.05.18"]
[Round "5"]
[White "Delgado Ramirez, Neuris"]
[Black "Perdomo, Leandro Daniel"]
[Result "1-0"]
[WhiteElo "2589"]
[BlackElo "2405"]
[PlyCount "69"]
[EventDate "2014.05.16"]
[EventType "swiss"]
[EventRounds "6"]
[EventCountry "BRA"]
[SourceTitle "CBM 160 Extra"]
[Source "ChessBase"]
[SourceDate "2014.07.01"]
[SourceVersion "1"]
[SourceVersionDate "2014.07.01"]
[SourceQuality "1"]

1. e4 e5 2. Nf3 Nc6 3. Bb5 a6 4. Ba4 Nf6 5. Bxc6 dxc6 6. d3 Qd6 7. Nbd2 Be6 8.
h3 h6 9. b3 Nd7 10. Bb2 Be7 11. Qe2 Bf6 12. Nh2 h5 13. Nhf1 O-O-O 14. Ne3 Bg5
15. O-O-O g6 16. Kb1 f6 17. Ndc4 Qe7 18. h4 Bxe3 19. Nxe3 c5 20. Qf3 Rhg8 21.
Qg3 Rdf8 22. Rhf1 Qd6 23. Qh2 Rf7 24. f3 f5 25. exf5 gxf5 26. f4 exf4 27. Rxf4
Ne5 28. Bxe5 Qxe5 29. Re1 Rfg7 30. g3 Rxg3 31. Qf2 Rg1 32. Rxg1 Rxg1+ 33. Qxg1
Qxf4 34. Qg6 Kd8 35. Qxe6 1-0

[Event "Fortaleza Alves Memorial 19th"]
[Site "Fortaleza"]
[Date "2014.05.18"]
[Round "6"]
[White "Delgado Ramirez, Neuris"]
[Black "Matsuura, Everaldo"]
[Result "1/2-1/2"]
[WhiteElo "2589"]
[BlackElo "2460"]
[PlyCount "53"]
[EventDate "2014.05.16"]
[EventType "swiss"]
[EventRounds "6"]
[EventCountry "BRA"]
[SourceTitle "CBM 160 Extra"]
[Source "ChessBase"]
[SourceDate "2014.07.01"]
[SourceVersion "1"]
[SourceVersionDate "2014.07.01"]
[SourceQuality "1"]

1. e4 c5 2. Nf3 g6 3. Bc4 Bg7 4. c3 d6 5. d4 cxd4 6. cxd4 Nf6 7. Nc3 O-O 8. Bb3
Bg4 9. Be3 Nc6 10. h3 Bxf3 11. Qxf3 Nd7 12. Qd1 Na5 13. O-O Rc8 14. Rc1 a6 15.
Qd3 Nb6 16. Nd5 Nxd5 17. Bxd5 e6 18. Rxc8 Qxc8 19. Bb3 Nxb3 20. Qxb3 Qc6 21. d5
exd5 22. exd5 Qd7 23. Rc1 Rc8 24. Rxc8+ Qxc8 25. Qb6 Qd7 26. Bf4 Bf8 27. b3
1/2-1/2

[Event "Tromsoe ol (Men) 41st"]
[Site "Tromsoe"]
[Date "2014.08.04"]
[Round "3.1"]
[White "Gruenfeld, Yehuda"]
[Black "Delgado Ramirez, Neuris"]
[Result "0-1"]
[WhiteElo "2448"]
[BlackElo "2602"]
[PlyCount "58"]
[EventDate "2014.08.02"]
[EventType "team-swiss"]
[EventRounds "11"]
[EventCountry "NOR"]
[SourceTitle "CBM 162"]
[Source "ChessBase"]
[SourceDate "2014.09.17"]
[SourceVersion "1"]
[SourceVersionDate "2014.09.17"]
[SourceQuality "1"]
[WhiteTeam "ICCD"]
[BlackTeam "Paraguay"]
[BlackTeamCountry "PAR"]

1. e4 c5 2. Nf3 d6 3. d4 cxd4 4. Nxd4 Nf6 5. Nc3 a6 6. Bg5 Nbd7 7. Qe2 Qa5 8.
h4 h6 9. Bd2 Qc7 10. O-O-O g6 11. g4 e5 12. Nb3 b5 13. a3 Nb6 14. g5 hxg5 15.
Bxg5 Be7 16. Bh3 Nh5 17. Bxc8 Bxg5+ 18. hxg5 Rxc8 19. Kb1 Ke7 20. Qd2 Nf4 21.
Rxh8 Rxh8 22. Na5 Rh2 23. Na2 Qc5 24. Nb7 Nc4 25. Nxc5 Nxd2+ 26. Rxd2 Rh1+ 27.
Nc1 dxc5 28. c3 Re1 29. Kc2 c4 0-1

[Event "Tromsoe ol (Men) 41st"]
[Site "Tromsoe"]
[Date "2014.08.05"]
[Round "4.2"]
[White "Nguyen, Ngoc Truong Son"]
[Black "Delgado Ramirez, Neuris"]
[Result "1/2-1/2"]
[WhiteElo "2634"]
[BlackElo "2602"]
[PlyCount "41"]
[EventDate "2014.08.02"]
[EventType "team-swiss"]
[EventRounds "11"]
[EventCountry "NOR"]
[SourceTitle "CBM 162"]
[Source "ChessBase"]
[SourceDate "2014.09.17"]
[SourceVersion "1"]
[SourceVersionDate "2014.09.17"]
[SourceQuality "1"]
[WhiteTeam "Vietnam"]
[BlackTeam "Paraguay"]
[WhiteTeamCountry "VIE"]
[BlackTeamCountry "PAR"]

1. d4 Nf6 2. c4 e6 3. Nc3 Bb4 4. Qc2 O-O 5. a3 Bxc3+ 6. Qxc3 d6 7. f3 Re8 8. e4
e5 9. Be3 Nfd7 10. Ne2 a5 11. Ng3 a4 12. Be2 b6 13. d5 Nc5 14. Bd1 Nbd7 15. O-O
Ba6 16. Qb4 Nd3 17. Qc3 N3c5 18. Qb4 Nd3 19. Qc3 N3c5 20. Qb4 Nd3 21. Qc3
1/2-1/2

[Event "Tromsoe ol (Men) 41st"]
[Site "Tromsoe"]
[Date "2014.08.06"]
[Round "5.2"]
[White "Rios, Cristhian Camilo"]
[Black "Delgado Ramirez, Neuris"]
[Result "0-1"]
[WhiteElo "2427"]
[BlackElo "2602"]
[PlyCount "84"]
[EventDate "2014.08.02"]
[EventType "team-swiss"]
[EventRounds "11"]
[EventCountry "NOR"]
[SourceTitle "CBM 162"]
[Source "ChessBase"]
[SourceDate "2014.09.17"]
[SourceVersion "1"]
[SourceVersionDate "2014.09.17"]
[SourceQuality "1"]
[WhiteTeam "Colombia"]
[BlackTeam "Paraguay"]
[WhiteTeamCountry "COL"]
[BlackTeamCountry "PAR"]

1. d4 Nf6 2. c4 e6 3. Nf3 b6 4. a3 Ba6 5. Qc2 Bb7 6. Nc3 c5 7. dxc5 bxc5 8. Bf4
Nh5 9. Bg5 Be7 10. Bxe7 Qxe7 11. Rd1 O-O 12. e3 Nf6 13. Be2 d5 14. O-O Nbd7 15.
cxd5 exd5 16. Rc1 Rac8 17. Rfd1 g6 18. Qa4 a6 19. h3 Rfe8 20. Qa5 Nf8 21. b4 d4
22. exd4 cxb4 23. axb4 Rxc3 24. Rxc3 Qxe2 25. Re1 Qb2 26. Rxe8 Qxc3 27. Re3
Qc1+ 28. Re1 Qc6 29. Qg5 Ne4 30. Qh6 Ne6 31. Ne5 Qd5 32. Ng4 Qxd4 33. Qh4 h5
34. Ne3 Qb2 35. Rf1 Qxb4 36. f4 Qd4 37. Qe1 h4 38. f5 gxf5 39. Rxf5 Ng3 40. Rf2
Nf4 41. Kh2 Nd3 42. Qd2 Ne4 0-1

[Event "Tromsoe ol (Men) 41st"]
[Site "Tromsoe"]
[Date "2014.08.08"]
[Round "6.2"]
[White "Delgado Ramirez, Neuris"]
[Black "Kamsky, Gata"]
[Result "1/2-1/2"]
[WhiteElo "2602"]
[BlackElo "2706"]
[PlyCount "81"]
[EventDate "2014.08.02"]
[EventType "team-swiss"]
[EventRounds "11"]
[EventCountry "NOR"]
[SourceTitle "CBM 162"]
[Source "ChessBase"]
[SourceDate "2014.09.17"]
[SourceVersion "1"]
[SourceVersionDate "2014.09.17"]
[SourceQuality "1"]
[WhiteTeam "Paraguay"]
[BlackTeam "US of America"]
[WhiteTeamCountry "PAR"]
[BlackTeamCountry "USA"]

1. e4 c5 2. Nf3 e6 3. Nc3 a6 4. d4 cxd4 5. Nxd4 b5 6. Bd3 Bb7 7. O-O Nc6 8.
Nxc6 Bxc6 9. Re1 Bc5 10. Qh5 Qb6 11. Be3 Bxe3 12. Rxe3 Ne7 13. Nd5 Qd8 14. Nxe7
Qxe7 15. e5 h6 16. Rg3 g6 17. Qe2 Qc5 18. a3 a5 19. Re1 b4 20. axb4 axb4 21.
Qd2 h5 22. h4 Qd4 23. Qg5 Qxb2 24. Qf6 Rg8 25. Be4 Ra1 26. Rge3 Bxe4 27. Rxe4
d5 28. R4e2 Qc3 29. Rxa1 Qxa1+ 30. Kh2 Qd1 31. Qf3 Kf8 32. Qe3 Kg7 33. Rd2 Qc1
34. Qf4 Rb8 35. g4 hxg4 36. h5 Rh8 37. Qf6+ Kg8 38. Qd8+ Kg7 39. Qf6+ Kg8 40.
Qd8+ Kg7 41. Qf6+ 1/2-1/2

[Event "Tromsoe ol (Men) 41st"]
[Site "Tromsoe"]
[Date "2014.08.09"]
[Round "7.2"]
[White "Delgado Ramirez, Neuris"]
[Black "Esen, Baris"]
[Result "0-1"]
[WhiteElo "2602"]
[BlackElo "2589"]
[PlyCount "88"]
[EventDate "2014.08.02"]
[EventType "team-swiss"]
[EventRounds "11"]
[EventCountry "NOR"]
[SourceTitle "CBM 162"]
[Source "ChessBase"]
[SourceDate "2014.09.17"]
[SourceVersion "1"]
[SourceVersionDate "2014.09.17"]
[SourceQuality "1"]
[WhiteTeam "Paraguay"]
[BlackTeam "Turkey"]
[WhiteTeamCountry "PAR"]
[BlackTeamCountry "TUR"]

1. e4 c5 2. Nf3 d6 3. Bb5+ Nd7 4. O-O a6 5. Bd3 Ngf6 6. c3 b5 7. Bc2 Bb7 8. Re1
e6 9. d4 Be7 10. Nbd2 O-O 11. Nf1 Qc7 12. Ng3 Rfe8 13. h3 Bf8 14. Bd2 g6 15.
Bd3 Bg7 16. b3 Nb6 17. Rc1 c4 18. Bb1 a5 19. Bg5 cxb3 20. axb3 a4 21. Bd3 Bc6
22. c4 bxc4 23. bxc4 a3 24. Qd2 Na4 25. Qa2 Nb2 26. Bf1 Ra4 27. Rc3 Rea8 28.
Bc1 Qa5 29. Bxb2 axb2 30. Qxb2 Ra2 31. Qc1 Nd7 32. Rc2 Ra3 33. Qd2 Qa7 34. d5
exd5 35. cxd5 Ba4 36. Rcc1 Ne5 37. Nxe5 Bxe5 38. Kh2 h5 39. f4 Bd4 40. Bd3 Bf2
41. Re2 Bxg3+ 42. Kxg3 Bb5 43. Rc3 Rxc3 44. Qxc3 Qa3 0-1

[Event "Tromsoe ol (Men) 41st"]
[Site "Tromsoe"]
[Date "2014.08.10"]
[Round "8.2"]
[White "Li, Zuhao Luke"]
[Black "Delgado Ramirez, Neuris"]
[Result "0-1"]
[WhiteElo "2365"]
[BlackElo "2602"]
[PlyCount "80"]
[EventDate "2014.08.02"]
[EventType "team-swiss"]
[EventRounds "11"]
[EventCountry "NOR"]
[SourceTitle "CBM 162"]
[Source "ChessBase"]
[SourceDate "2014.09.17"]
[SourceVersion "1"]
[SourceVersionDate "2014.09.17"]
[SourceQuality "1"]
[WhiteTeam "New Zealand"]
[BlackTeam "Paraguay"]
[WhiteTeamCountry "NZL"]
[BlackTeamCountry "PAR"]

1. d4 Nf6 2. c4 e6 3. Nc3 Bb4 4. a3 Bxc3+ 5. bxc3 c5 6. f3 Nc6 7. e4 d6 8. d5
Na5 9. Bd3 b6 10. f4 Qe7 11. Ne2 exd5 12. cxd5 O-O 13. c4 Nxe4 14. Qc2 f5 15.
O-O Bd7 16. Bb2 Qe8 17. Nc3 Nf6 18. a4 a6 19. Rae1 Qf7 20. Nd1 b5 21. Ne3 Nxc4
22. Nxc4 bxc4 23. Bxc4 Rfe8 24. Re6 Rxe6 25. dxe6 Bxe6 26. Bd3 Nd5 27. Qd2 Nb6
28. a5 Nc4 29. Bxc4 Bxc4 30. Rd1 d5 31. Qe3 d4 32. Qe5 Rc8 33. Rc1 h6 34. h3
Bd5 35. Qd6 Rc6 36. Qe5 Re6 37. Qb8+ Re8 38. Qb6 Re2 39. Rxc5 Rxg2+ 40. Kf1 Qh5
0-1

[Event "Tromsoe ol (Men) 41st"]
[Site "Tromsoe"]
[Date "2014.08.11"]
[Round "9.1"]
[White "Ali, Sebbar"]
[Black "Delgado Ramirez, Neuris"]
[Result "0-1"]
[WhiteElo "2387"]
[BlackElo "2602"]
[PlyCount "120"]
[EventDate "2014.08.02"]
[EventType "team-swiss"]
[EventRounds "11"]
[EventCountry "NOR"]
[SourceTitle "CBM 162"]
[Source "ChessBase"]
[SourceDate "2014.09.17"]
[SourceVersion "1"]
[SourceVersionDate "2014.09.17"]
[SourceQuality "1"]
[WhiteTeam "Morocco"]
[BlackTeam "Paraguay"]
[WhiteTeamCountry "MAR"]
[BlackTeamCountry "PAR"]

1. e4 c5 2. Nf3 d6 3. Bb5+ Bd7 4. c4 a6 5. Bxd7+ Nxd7 6. b3 Ngf6 7. Nc3 Ne5 8.
O-O Nd3 9. Qe2 Nxc1 10. Raxc1 Nd7 11. e5 e6 12. exd6 Bxd6 13. d4 cxd4 14. Nxd4
Qh4 15. Nf3 Qe7 16. Rcd1 Bb4 17. Ne4 O-O 18. Nd4 Rad8 19. Nc2 Ba5 20. a3 f5 21.
Nd2 Nf6 22. b4 Bc7 23. Rfe1 e5 24. Nf1 e4 25. Rxd8 Bxd8 26. Nce3 Qe6 27. c5 f4
28. Qc4 Kf7 29. Qxe6+ Kxe6 30. Nc4 Bc7 31. Rd1 Rd8 32. Rxd8 Bxd8 33. Nfd2 Kd5
34. Kf1 Bc7 35. Ke2 g5 36. h3 Nd7 37. a4 a5 38. c6 bxc6 39. bxa5 Nc5 40. Nb6+
Kd4 41. Nc8 Bxa5 42. Ne7 Bxd2 43. Kxd2 Nb3+ 44. Kc2 Na5 45. Nf5+ Ke5 46. Nh6
Kf6 47. g4 c5 48. Kc3 Ke6 49. Kc2 Nc4 50. Nf5 Ke5 51. Kc3 Na5 52. Kd2 h5 53.
Kc3 h4 54. Kd2 Nb3+ 55. Kc3 e3 56. fxe3 f3 57. e4 Kf4 58. Kxb3 f2 59. Kc4 f1=Q+
60. Kxc5 Qxh3 0-1

[Event "Tromsoe ol (Men) 41st"]
[Site "Tromsoe"]
[Date "2014.08.12"]
[Round "10.2"]
[White "Svetushkin, Dmitry"]
[Black "Delgado Ramirez, Neuris"]
[Result "1/2-1/2"]
[WhiteElo "2547"]
[BlackElo "2602"]
[PlyCount "81"]
[EventDate "2014.08.02"]
[EventType "team-swiss"]
[EventRounds "11"]
[EventCountry "NOR"]
[SourceTitle "CBM 162"]
[Source "ChessBase"]
[SourceDate "2014.09.17"]
[SourceVersion "1"]
[SourceVersionDate "2014.09.17"]
[SourceQuality "1"]
[WhiteTeam "Moldova"]
[BlackTeam "Paraguay"]
[WhiteTeamCountry "MDA"]
[BlackTeamCountry "PAR"]

1. e4 c5 2. Nf3 d6 3. d4 cxd4 4. Qxd4 Nc6 5. Bb5 Bg4 6. Qd3 Nf6 7. c4 Nd7 8.
Nc3 Nb4 9. Qe2 Bxf3 10. gxf3 g6 11. Bg5 Bg7 12. Nd5 Nxd5 13. exd5 a6 14. Bxd7+
Qxd7 15. O-O h6 16. Bh4 g5 17. Bg3 h5 18. h3 f5 19. f4 h4 20. Bh2 g4 21. Rfe1
Bf6 22. Kg2 gxh3+ 23. Kxh3 O-O-O 24. Rg1 Kb8 25. Rac1 Rdg8 26. b3 Qe8 27. Rxg8
Rxg8 28. Rg1 Rxg1 29. Bxg1 Qg6 30. Bh2 Bd4 31. f3 Qh5 32. Qd3 Kc7 33. Qe2 Kd8
34. Qd3 Bc5 35. Qe2 b5 36. cxb5 axb5 37. a4 b4 38. Qd3 Kc7 39. Qe2 Kd8 40. Qd3
Kc7 41. Qe2 1/2-1/2

[Event "Tromsoe ol (Men) 41st"]
[Site "Tromsoe"]
[Date "2014.08.14"]
[Round "11.2"]
[White "L'Ami, Erwin"]
[Black "Delgado Ramirez, Neuris"]
[Result "1-0"]
[WhiteElo "2631"]
[BlackElo "2602"]
[PlyCount "101"]
[EventDate "2014.08.02"]
[EventType "team-swiss"]
[EventRounds "11"]
[EventCountry "NOR"]
[SourceTitle "CBM 162"]
[Source "ChessBase"]
[SourceDate "2014.09.17"]
[SourceVersion "1"]
[SourceVersionDate "2014.09.17"]
[SourceQuality "1"]
[WhiteTeam "Netherlands"]
[BlackTeam "Paraguay"]
[WhiteTeamCountry "NED"]
[BlackTeamCountry "PAR"]

1. d4 Nf6 2. c4 e6 3. Nf3 Bb4+ 4. Bd2 Bxd2+ 5. Qxd2 d5 6. Nc3 O-O 7. e3 Qe7 8.
Bd3 dxc4 9. Bxc4 c5 10. O-O Rd8 11. Qe2 cxd4 12. exd4 Nbd7 13. Rad1 Nb6 14. Bb3
Nbd5 15. Ne5 Qd6 16. Qf3 Bd7 17. Nxd5 exd5 18. Rfe1 Be6 19. Qf4 a5 20. Nd3 a4
21. Bc2 Qxf4 22. Nxf4 Rdc8 23. Rd2 Bd7 24. f3 g5 25. Nd3 Bf5 26. Nb4 Bxc2 27.
Nxc2 Ra6 28. Re5 h6 29. Ne3 Rc1+ 30. Kf2 Rb6 31. a3 Re6 32. Nxd5 Nxd5 33. Rxd5
Rb6 34. Re5 Rb1 35. Ree2 Kf8 36. d5 Rd6 37. Re4 Rb6 38. Ree2 Rd6 39. Ke3 Ke7
40. Kd4+ Kd7 41. Kc5 Ra6 42. Kb5 Rc1 43. Rc2 Rh1 44. h3 h5 45. Red2 f5 46. Rc4
Rf1 47. Rxa4 Rxa4 48. Kxa4 g4 49. hxg4 fxg4 50. fxg4 hxg4 51. b4 1-0

[Event "Maringa op 4th"]
[Site "Maringa"]
[Date "2014.08.20"]
[Round "1"]
[White "Delgado Ramirez, Neuris"]
[Black "Rocha, Juliana da Silva"]
[Result "1-0"]
[WhiteElo "2600"]
[BlackElo "1630"]
[PlyCount "52"]
[EventDate "2014.08.20"]
[EventType "swiss"]
[EventRounds "9"]
[EventCountry "BRA"]
[SourceTitle "EXT 2015"]
[Source "ChessBase"]
[SourceDate "2014.11.20"]
[SourceVersion "1"]
[SourceVersionDate "2014.11.20"]
[SourceQuality "1"]

1. e4 e6 2. d4 b6 3. Nf3 Bb7 4. Bd3 Nf6 5. Nc3 Be7 6. Qe2 d6 7. Bf4 Nbd7 8.
O-O-O O-O 9. h4 Re8 10. e5 Nd5 11. Nxd5 Bxd5 12. Ng5 Nf8 13. Qh5 g6 14. Qh6 Qd7
15. h5 f6 16. hxg6 fxg5 17. gxh7+ Kh8 18. Qg7+ Kxg7 19. h8=Q+ Kf7 20. Bg6+ Kxg6
21. Qg8+ Kf5 22. Qf7+ Kg4 23. Qh5+ Kxf4 24. f3 Kg3 25. Rh3+ Kf2 26. Rd2+ Kg1
1-0

[Event "Maringa op 4th"]
[Site "Maringa"]
[Date "2014.08.20"]
[Round "2"]
[White "Franca, Willian Bento"]
[Black "Delgado Ramirez, Neuris"]
[Result "0-1"]
[WhiteElo "1985"]
[BlackElo "2600"]
[PlyCount "68"]
[EventDate "2014.08.20"]
[EventType "swiss"]
[EventRounds "9"]
[EventCountry "BRA"]
[SourceTitle "EXT 2015"]
[Source "ChessBase"]
[SourceDate "2014.11.20"]
[SourceVersion "1"]
[SourceVersionDate "2014.11.20"]
[SourceQuality "1"]

1. d4 Nf6 2. c4 e6 3. Nf3 b6 4. g3 Ba6 5. Bg2 Bxc4 6. O-O Bd5 7. Nc3 Bb7 8. Qc2
d5 9. Bf4 c6 10. e4 Be7 11. Rfd1 O-O 12. h4 dxe4 13. Nxe4 Nxe4 14. Qxe4 Nd7 15.
Ng5 Nf6 16. Qe2 h6 17. Ne4 Nd5 18. Bd2 Rc8 19. Rac1 Qd7 20. Qh5 f5 21. Nc3 Nf6
22. Qe2 Bd6 23. Re1 Rce8 24. Qc4 Kh8 25. Ne2 Nd5 26. f4 c5 27. Kh2 Nf6 28. Bxb7
Qxb7 29. Qb3 Ng4+ 30. Kg1 cxd4 31. Nxd4 e5 32. fxe5 Bxe5 33. Rxe5 Rxe5 34. Bf4
Re4 0-1

[Event "Maringa op 4th"]
[Site "Maringa"]
[Date "2014.08.21"]
[Round "3"]
[White "Delgado Ramirez, Neuris"]
[Black "Garkauskas, Otto Dmitry"]
[Result "1-0"]
[WhiteElo "2600"]
[BlackElo "2170"]
[PlyCount "129"]
[EventDate "2014.08.20"]
[EventType "swiss"]
[EventRounds "9"]
[EventCountry "BRA"]
[SourceTitle "EXT 2015"]
[Source "ChessBase"]
[SourceDate "2014.11.20"]
[SourceVersion "1"]
[SourceVersionDate "2014.11.20"]
[SourceQuality "1"]

1. e4 c6 2. Ne2 d5 3. e5 d4 4. Ng3 e6 5. Bd3 Qd5 6. f4 Qxg2 7. Be4 Qh3 8. c3 f5
9. Bd3 Ne7 10. cxd4 Nd5 11. Qf3 Nd7 12. Nc3 N7b6 13. Nxd5 Nxd5 14. Bc4 Ne7 15.
a4 Ng6 16. a5 a6 17. b3 Nh4 18. Qf2 g6 19. Be2 Qg2 20. Rg1 Qxf2+ 21. Kxf2 Be7
22. Ba3 h6 23. Nh5 Bxa3 24. Nf6+ Ke7 25. Rxa3 Rf8 26. b4 Rxf6 27. exf6+ Kxf6
28. Rh3 g5 29. Bh5 Bd7 30. Ke3 Rh8 31. Rhg3 Rg8 32. Kd3 Rg7 33. Kc4 c5 34. dxc5
Bb5+ 35. Kc3 e5 36. fxe5+ Kxe5 37. Re3+ Kf6 38. d4 f4 39. Rh3 Re7 40. Kb2 Be2
41. Bxe2 Rxe2+ 42. Kc3 Kf5 43. d5 f3 44. d6 Re3+ 45. Kc2 Ke6 46. Rxh4 gxh4 47.
Rg6+ Kd7 48. Rg7+ Ke8 49. Rg8+ Kd7 50. Rf8 h3 51. Kd2 Re2+ 52. Kd3 Rxh2 53. b5
axb5 54. a6 Rd2+ 55. Kxd2 h2 56. Rf7+ Kc6 57. Rc7+ Kd5 58. d7 Kc4 59. d8=Q h1=Q
60. Qd3+ Kb4 61. Qc3+ Ka4 62. a7 Qg2+ 63. Kc1 Qg8 64. Rg7 Qc8 65. Rg4+ 1-0

[Event "Maringa op 4th"]
[Site "Maringa"]
[Date "2014.08.21"]
[Round "4"]
[White "Rodrigues, Edgar"]
[Black "Delgado Ramirez, Neuris"]
[Result "0-1"]
[WhiteElo "2315"]
[BlackElo "2600"]
[PlyCount "84"]
[EventDate "2014.08.20"]
[EventType "swiss"]
[EventRounds "9"]
[EventCountry "BRA"]
[SourceTitle "EXT 2015"]
[Source "ChessBase"]
[SourceDate "2014.11.20"]
[SourceVersion "1"]
[SourceVersionDate "2014.11.20"]
[SourceQuality "1"]

1. e4 c5 2. Nf3 d6 3. d4 cxd4 4. Nxd4 Nf6 5. Nc3 a6 6. Qf3 g6 7. h3 Nbd7 8. g4
h6 9. Be3 e5 10. Nde2 b5 11. Ng3 Bb7 12. Bg2 Rc8 13. a3 Be7 14. O-O Nb6 15.
Rad1 Nfd7 16. Bc1 Nf8 17. Qd3 Ne6 18. Nge2 Nc5 19. Qg3 Bh4 20. Qh2 h5 21. gxh5
Rxh5 22. f4 Qe7 23. fxe5 dxe5 24. Bf3 Rh7 25. Nd5 Bxd5 26. exd5 Nb7 27. Nc3 Nd6
28. Kh1 f5 29. Qg1 Nbc4 30. b3 g5 31. bxc4 Rxc4 32. Ne4 Rxe4 33. Bxe4 Nxe4 34.
Qb6 Qd6 35. Qxd6 Nxd6 36. Rd3 f4 37. a4 b4 38. c3 e4 39. Rd4 e3 40. Rf3 e2 41.
Bd2 b3 42. c4 Rb7 0-1

[Event "Maringa op 4th"]
[Site "Maringa"]
[Date "2014.08.22"]
[Round "5"]
[White "Delgado Ramirez, Neuris"]
[Black "Rocha, Wellington Carlos"]
[Result "1/2-1/2"]
[WhiteElo "2600"]
[BlackElo "2360"]
[PlyCount "92"]
[EventDate "2014.08.20"]
[EventType "swiss"]
[EventRounds "9"]
[EventCountry "BRA"]
[SourceTitle "EXT 2015"]
[Source "ChessBase"]
[SourceDate "2014.11.20"]
[SourceVersion "1"]
[SourceVersionDate "2014.11.20"]
[SourceQuality "1"]

1. e4 c5 2. Nf3 Nc6 3. Bb5 e6 4. O-O Nge7 5. Re1 a6 6. Bf1 d5 7. d3 h6 8. Nbd2
b6 9. c3 Bb7 10. a3 g5 11. exd5 Nxd5 12. Ne4 Be7 13. b4 g4 14. Nfd2 f5 15. Ng3
Qd7 16. c4 Nf6 17. Bb2 Kf7 18. Nb3 Rad8 19. Qe2 h5 20. Qe3 Nd4 21. Bxd4 cxd4
22. Nxd4 f4 23. Qxe6+ Qxe6 24. Nxe6 fxg3 25. Nxd8+ Rxd8 26. hxg3 Ne8 27. Rac1
Ng7 28. c5 bxc5 29. bxc5 Bc6 30. d4 Rxd4 31. Bxa6 Ra4 32. Bc4+ Kf8 33. Bd3 Kf7
34. Rc4 Rxa3 35. Bg6+ Kf6 36. Rf4+ Kxg6 37. Rxe7 Ra1+ 38. Kh2 Rc1 39. Rf8 Bd5
40. Re5 Be6 41. f4 gxf3 42. gxf3 Rc2+ 43. Kg1 Bh3 44. Rg8 Kf6 45. Re4 Nf5 46.
Rf4 Kf7 1/2-1/2

[Event "Maringa op 4th"]
[Site "Maringa"]
[Date "2014.08.22"]
[Round "6"]
[White "Pires, Marcos Vinicius Tor"]
[Black "Delgado Ramirez, Neuris"]
[Result "0-1"]
[WhiteElo "2265"]
[BlackElo "2600"]
[PlyCount "118"]
[EventDate "2014.08.20"]
[EventType "swiss"]
[EventRounds "9"]
[EventCountry "BRA"]
[SourceTitle "EXT 2015"]
[Source "ChessBase"]
[SourceDate "2014.11.20"]
[SourceVersion "1"]
[SourceVersionDate "2014.11.20"]
[SourceQuality "1"]

1. Nf3 Nf6 2. c4 e6 3. g3 a6 4. Nc3 d5 5. cxd5 exd5 6. Bg2 c6 7. d4 Bd6 8. O-O
O-O 9. Bg5 Re8 10. Re1 Bf5 11. Qb3 b5 12. Nh4 Be6 13. Qc2 Be7 14. Nf3 Nbd7 15.
Rad1 Rc8 16. Bf4 g6 17. Ng5 Bf5 18. e4 dxe4 19. Ngxe4 Nd5 20. Bh6 a5 21. Qd2
N7b6 22. Nc5 Qc7 23. N3e4 Nc4 24. Qc1 Rcd8 25. b3 Ncb6 26. Bg5 b4 27. Bd2 Nd7
28. Qc4 N7b6 29. Qc1 Qc8 30. Nd3 f6 31. Ndc5 Nc7 32. a3 Rxd4 33. axb4 axb4 34.
Qa1 Red8 35. Bh6 Rxd1 36. Rxd1 Rxd1+ 37. Qxd1 Qd8 38. Qxd8+ Bxd8 39. Nd6 Be7
40. Nxf5 Bxc5 41. Ne3 Bxe3 42. Bxe3 Nbd5 43. Bc5 Kf7 44. Bd6 Ne6 45. Bf1 Ke8
46. Bc4 Kd7 47. Bxd5 cxd5 48. Bxb4 Nd4 49. Kf1 Ke6 50. Bc3 Nxb3 51. Ke2 d4 52.
Bb4 Kd5 53. Be7 f5 54. Bd8 Kc4 55. f3 Kc3 56. Kd1 d3 57. g4 Nd4 58. Ba5+ Kc4
59. gxf5 gxf5 0-1